Portuguese places - sudden death - Statistics

General Stats
  • This quiz has been taken 174 times
  • The average score is 12 of 25
Answers on the Grid
Answers color-coded by a green-red scale on the quiz's grid according to % correct below.
Madrid
Naples
Bordeaux
Porto
Faro
Havana
The Algarve
Tripoli
Estádio da Luz
Basilicata
Andorra
Igauzu Falls
Braga
Furnas Volcano
Ponta Delgada
Kumanovo
Mashonaland
Monaco
Ewood Park
Abbeville
São Miguel Island
Coimbra
Almancil
Funchal
Villavicencio
Albufeira
Sorocaba
Madeira
Almada
Duoro River
Cainta
La Vega
Jerónimos Monastery
Pineapple plantations
Setubal
Morelia
Choloma
Sortelha
Tabuk
Aveiro
Magellan's birthplace
Vasco da Gama
Quinta do Bomfim vineyard
Figueira da Foz
Guimaraes
Barinas
Land below sea level
Sintra Palace
 
Answer Stats
Answer % Correct
Porto
91%
The Algarve
86%
Faro
85%
Braga
72%
Estádio da Luz
65%
Funchal
63%
Madeira
63%
Albufeira
59%
Coimbra
59%
Ponta Delgada
52%
Duoro River
50%
Aveiro
46%
Setubal
46%
Guimaraes
41%
São Miguel Island
41%
Figueira da Foz
40%
Sintra Palace
35%
Almada
33%
Quinta do Bomfim vineyard
32%
Jerónimos Monastery
29%
Magellan's birthplace
26%
Furnas Volcano
24%
Almancil
23%
Sortelha
17%
Pineapple plantations
8%
No matching quizzes found
Score Distribution
Percent of People with Each Score
Percentile by Number Answered
Your Score History
You have not taken this quiz